000 006210000a22002050004500
020 _a84-220-0151-9
041 0 _aSPA
082 0 4 _aG 270.092 R9342o
100 1 _aRuiz Bueno, Daniel
245 1 0 _aPadres apostólicos : Edición bilingüe completa / Daniel Ruiz Bueno, Introducción, notas y traducción
250 _a4
260 _aMadrid, España : Biblioteca de Autores Cristianos
300 _a1130 Pag
440 0 _aBiblioteca de Autores Cristianos; No. 65
001 9268
942 _cBK
999 _c39326
_d39326
336 _atexto
_btxt
_2rdacontent
337 _2rdamedia
_asin mediación
_bn
338 _2rdacarrier
_avolumen
_bnc